International money and the real world (Record no. 218125)

MARC details
000 -LEADER
fixed length control field 00717nam a2200229Ia 4500
008 - FIXED-LENGTH DATA ELEMENTS--GENERAL INFORMATION
fixed length control field 191130s1992##################000#0#eng##
020 ## - INTERNATIONAL STANDARD BOOK NUMBER
ISBN 9780333521540
082 ## - DEWEY DECIMAL CLASSIFICATION NUMBER
Classification number 332.042
100 ## - MAIN ENTRY--AUTHOR NAME
Personal name Davidson, Paul
245 ## - TITLE STATEMENT
Title International money and the real world
Statement of responsibility, etc Paul Davidson
250 ## - EDITION STATEMENT
Edition statement 2nd ed
260 ## - PUBLICATION, DISTRIBUTION, ETC. (IMPRINT)
Place of publication New York
Name of publisher St. Martin's Press
Year of publication 1992
300 ## - PHYSICAL DESCRIPTION
Number of Pages xiv, 288 p. : ill. ; 23 cm
500 ## - GENERAL NOTE
General note Spine title: International money & the real world. Includes bibliographical references (p. 251-282) and index
650 ## - SUBJECT ADDED ENTRY--TOPICAL TERM
Topical Term International finance
Topical Term Money
991 ## -
-- 146306
Holdings
Withdrawn status Lost status Damaged status Not for loan Home library Current library Shelving location Date acquired Full call number Accession Number Price effective from Koha item type
        Anna Centenary Library Anna Centenary Library 4TH FLOOR, A WING 13.10.2020 332.042 322762 13.10.2020 English Books

Find us on the map